Online
Catalog

Petroglifos del Peru : (Record no. 1881)

MARC details
000 -CABECERA
campo de control de longitud fija 00655nam a2200157 u 4500
001 - NÚMERO DE CONTROL
campo de control 000002016
005 - FECHA Y HORA DE LA ÚLTIMA TRANSACCIÓN
campo de control 20200929145812.0
008 - DATOS DE LONGITUD FIJA--INFORMACIÓN GENERAL
campo de control de longitud fija 090630s1986 cu ab r 000 0 spa d
040 ## - FUENTE DE LA CATALOGACIÓN
Centro catalogador/agencia de origen DO-SdBNP
Lengua de catalogación spa
Centro/agencia transcriptor BNPHU
082 ## - NÚMERO DE LA CLASIFICACIÓN DECIMAL DEWEY
Número de clasificación xxx
Número de documento/Ítem N964p
100 1# - ENTRADA PRINCIPAL--NOMBRE DE PERSONA
Nombre de persona Núñez Jimenéz, Antonio
9 (RLIN) 4130
245 10 - MENCIÓN DE TÍTULO
Título Petroglifos del Peru :
Resto del título Panorama mundial del arte rupestre /
Mención de responsabilidad, etc. Antonio Núñez Jimenéz.
250 ## - MENCIÓN DE EDICIÓN
Mención de edición 2a ed.
260 ## - PUBLICACIÓN, DISTRIBUCIÓN, ETC.
Lugar de publicación, distribución, etc. La Habana :
Nombre del editor, distribuidor, etc. Proyecto Regional de Patrimonio Cultural y Desarrollo
-- Instituto de Cooperación Iberoamericana
-- Centro de Estudios económicos y Sociales del Tercer Mundo
-- Científico-Técnica,
Fecha de publicación, distribución, etc. 1986.
300 ## - DESCRIPCIÓN FÍSICA
Extensión v.4 :
Otras características físicas il., maps. ;
Dimensiones 24 cm.
Holdings
Estado de retiro Estado de pérdida Restricciones de uso No para préstamo Código de colección Localización permanente Ubicación/localización actual Ubicación en estantería Fecha de adquisición Número de inventario Total de préstamos Signatura topográfica completa Código de barras Fecha visto por última vez Precio válido a partir de Tipo de ítem Koha
      Excluido de préstamo Monografías: Libros y Folletos General General Depósito 30.06.2009 LF1   v. 1 2016-10 25.06.2020 25.06.2020 No se presta
      Excluido de préstamo Monografías: Libros y Folletos General General Depósito 15.09.2010 LF1   v. 2 2016-20 25.06.2020 25.06.2020 No se presta
      Excluido de préstamo Monografías: Libros y Folletos General General Depósito 15.09.2010 LF1   v. 3 2016-30 25.06.2020 25.06.2020 No se presta
      Excluido de préstamo Monografías: Libros y Folletos General General Depósito 24.11.2010 LF1   v. 4 2016-40 25.06.2020 25.06.2020 No se presta

Powered by Koha